| 000 | 01269cam a2200253 4500 | ||
|---|---|---|---|
| 001 | ABS64036 | ||
| 008 | 000000n2001 000 0 eng u | ||
| 035 | _a(Sirsi) u112563 | ||
| 100 | _aTasso, K | ||
| 245 | _aCarrots to lure diamonds | ||
| 260 | _c2001 | ||
| 490 |
_aEstates Gazette _v(0016) 21 April 2001, 130-131(2) |
||
| 520 | _aConsiders the measures required to improve the standing of the surveying profession. Suggests that universities and firms need to attract higher quality students and graduates, and outlines the RICS marketing plan to change the perception of the profession and encourage recognition of the chartered surveyor title. Argues that poor salaries are a key reason why surveying fails to attract good candidates, and suggests that fee levels should be on a par with lawyers and accountants. Concludes that the property professional's significance in the boardroom should be raised to resolve the recruitment issue. Tables. | ||
| 590 | _aABS | ||
| 650 | _aSURVEYORS | ||
| 650 | _aSURVEYING PROFESSION | ||
| 650 | _aSALARIES | ||
| 650 | _aGRADUATES | ||
| 650 | _aRECRUITMENT | ||
| 650 | _aCAREERS, EDUCATION AND TRAINING | ||
| 650 | _aRICS | ||
| 690 | _aMANAGEMENT-BUSINESS MANAGEMENT-PROFESSIONAL PRACTICE | ||
| 942 | _n0 | ||
| 999 |
_c66996 _d66996 |
||